000 00779nam a22002531 4500
001 7778
003 BD-RjUL
005 20211208234454.0
008 140115s1967 ke a 000 0 eng d
035 _a(BD-RjUL) 7822
040 _aDLC
_cDLC
_dDLC
_d(BD-RjUL)
_beng
041 _aeng
082 0 0 _a510.02433
_bDIE
100 1 _aDinwiddy, Caroline L.
_924255
245 1 0 _aElementary mathematics for economists /
_cDinwiddy, Caroline L.
260 _aNairobi :
_aNew York :
_bOxford University Press,
_c1967.
300 _axvi, 232 p. :
_billus. ;
_c25 cm.
350 _aKSh 12/-
650 0 _aEconomics, Mathematical.
_924257
942 _2ddc
_cBK
999 _c7778
_d7778